<?xml version="1.0" encoding="UTF-8"?>
<record
    xmlns:xsi="http://www.w3.org/2001/XMLSchema-instance"
    xsi:schemaLocation="http://www.loc.gov/MARC21/slim http://www.loc.gov/standards/marcxml/schema/MARC21slim.xsd"
    xmlns="http://www.loc.gov/MARC21/slim">

  <leader>00565nam a2200157Ia 4500</leader>
  <controlfield tag="008">260520s2020    xx            000 0 und d</controlfield>
  <datafield tag="041" ind1=" " ind2=" ">
    <subfield code="a">mar</subfield>
  </datafield>
  <datafield tag="082" ind1=" " ind2=" ">
    <subfield code="a">305.4/BOR</subfield>
  </datafield>
  <datafield tag="100" ind1=" " ind2=" ">
    <subfield code="a">&#x92C;&#x94B;&#x930;&#x94D;&#x921;&#x947;-&#x916;&#x921;&#x938;&#x947;, &#x938;&#x941;&#x928;&#x93F;&#x924;&#x93E;</subfield>
  </datafield>
  <datafield tag="245" ind1=" " ind2=" ">
    <subfield code="a">&#x938;&#x94D;&#x924;&#x94D;&#x930;&#x940; &#x938;&#x941;&#x927;&#x93E;&#x930;&#x923;&#x93E; &#x916;&#x902;&#x921; &#x968;&#x96B; &#x92D;&#x93E;&#x917; &#x96E;</subfield>
  </datafield>
  <datafield tag="250" ind1=" " ind2=" ">
    <subfield code="a">1st ed</subfield>
  </datafield>
  <datafield tag="260" ind1=" " ind2=" ">
    <subfield code="a">&#x92E;&#x941;&#x902;&#x92C;&#x908;</subfield>
    <subfield code="b">&#x909;&#x91A;&#x94D;&#x91A; &#x935; &#x924;&#x902;&#x924;&#x94D;&#x930;&#x936;&#x93F;&#x915;&#x94D;&#x937;&#x923; &#x935;&#x93F;&#x92D;&#x93E;&#x917; &#x92E;&#x939;&#x93E;&#x930;&#x93E;&#x937;&#x94D;&#x91F;&#x94D;&#x930; &#x936;&#x93E;&#x938;&#x928;</subfield>
    <subfield code="c">2020</subfield>
  </datafield>
  <datafield tag="300" ind1=" " ind2=" ">
    <subfield code="a">214p.</subfield>
  </datafield>
  <datafield tag="500" ind1=" " ind2=" ">
    <subfield code="a">Cat No: 15204</subfield>
  </datafield>
  <datafield tag="650" ind1=" " ind2=" ">
    <subfield code="a">SOCIOLOGY</subfield>
  </datafield>
  <datafield tag="999" ind1=" " ind2=" ">
    <subfield code="c">1221928</subfield>
    <subfield code="d">1221928</subfield>
  </datafield>
  <datafield tag="952" ind1=" " ind2=" ">
    <subfield code="0">0</subfield>
    <subfield code="1">0</subfield>
    <subfield code="4">0</subfield>
    <subfield code="7">0</subfield>
    <subfield code="8">C</subfield>
    <subfield code="a">PKS</subfield>
    <subfield code="b">PKS</subfield>
    <subfield code="c">2</subfield>
    <subfield code="d">2026-04-20</subfield>
    <subfield code="e">Shaskiy Prakashane Vikri Kendra, Kolhapur</subfield>
    <subfield code="g">60.00</subfield>
    <subfield code="l">0</subfield>
    <subfield code="o">305.4/BOR</subfield>
    <subfield code="p">PKS-25302</subfield>
    <subfield code="r">2026-05-20 00:00:00</subfield>
    <subfield code="w">2026-05-20</subfield>
    <subfield code="y">BK</subfield>
    <subfield code="z">General book section</subfield>
  </datafield>
</record>
